Central Library OPAC University of Rajshahi

Early history of the Catholic missions in northeast India, 1598-1890 / / (Record no. 31419)

MARC details
000 -LEADER
fixed length control field 01117nam a2200301 a 4500
001 - CONTROL NUMBER
control field 31419
003 - CONTROL NUMBER IDENTIFIER
rucl marc code BD-RjUL
005 - DATE AND TIME OF LATEST TRANSACTION
control field 20211209051711.0
008 - FIXED-LENGTH DATA ELEMENTS--GENERAL INFORMATION
fixed length control field 140415s1989 ii bf b 001 0 eng
035 ## - SYSTEM CONTROL NUMBER
System control number (BD-RjUL)31506
040 ## - CATALOGING SOURCE
Original cataloging agency DLC
Transcribing agency DLC
Modifying agency BD-RjUL
Language of cataloging eng
041 1# - LANGUAGE CODE
Language code of text/sound track or separate title eng
Language code of original ger
082 00 - DEWEY DECIMAL CLASSIFICATION NUMBER
Classification number 266.2541
Edition number 20
Author mark and year BEE 1989
100 1# - MAIN ENTRY--PERSONAL NAME
Personal name Becker, C.
9 (RLIN) 97500
245 10 - TITLE STATEMENT
Title Early history of the Catholic missions in northeast India, 1598-1890 / /
Statement of responsibility, etc. C. Becker, translated & edited by F. Leicht, S. Karotemprel ; with an introduction by J.B. Bhattacharjee.
250 ## - EDITION STATEMENT
Edition statement 1st ed.
260 ## - PUBLICATION, DISTRIBUTION, ETC. (IMPRINT)
Place of publication, distribution, etc. Calcutta :
Name of publisher, distributor, etc. Firma KLM, under the auspices of Vendrame Institute, Sacred Heart College, Shillong,
Date of publication, distribution, etc. 1989.
300 ## - PHYSICAL DESCRIPTION
Pagination xix, 251 p. :
Illustrations ill. ;
Size 22 cm.
504 ## - BIBLIOGRAPHY, ETC. NOTE
Bibliography, etc Include bibliography and index.
610 20 - SUBJECT ADDED ENTRY--CORPORATE NAME
Corporate name or jurisdiction name as entry element Catholic Church
Geographic subdivision India
-- Assam
651 #0 - SUBJECT ADDED ENTRY--GEOGRAPHIC NAME
Geographic name Assam (India)
General subdivision Church history.
9 (RLIN) 95597
700 1# - ADDED ENTRY--PERSONAL NAME
Personal name Leicht, F.
Fuller form of name (Franz)
Personal name Karotemprel, S.
Fuller form of name (Sebastian)
Personal name Bhattacharjee, J.B.
Relator term tr.
942 ## - ADDED ENTRY ELEMENTS (KOHA)
Source of classification or shelving scheme Dewey Decimal Classification
Koha item type Books
Holdings
Lost status Source of classification or shelving scheme Damaged status Not for loan Collection code Permanent Location Current Location Shelving location Date acquired Source of acquisition Cost, normal purchase price Total Checkouts Full call number Date last seen Copy number Koha item type
  Dewey Decimal Classification   Not For Loan Non-fiction Central Library, University of Rajshahi Central Library, University of Rajshahi Reading Room 27/07/1996 Ankur Prokashoni 150.00   266.2541 BEE 1989 15/04/2014 C-1 Books
  Dewey Decimal Classification     Non-fiction Central Library, University of Rajshahi Central Library, University of Rajshahi   07/03/1998 Alighar Lib. 150.00   266.2541 BEE 1989 15/04/2014 C-3 Books
  Dewey Decimal Classification     Non-fiction Central Library, University of Rajshahi Central Library, University of Rajshahi   07/03/1998 Dhaka, Aligarh Library 150.00   266.2541 BEE 1989 24/04/2014 C-4 Books
  Dewey Decimal Classification     Non-fiction Central Library, University of Rajshahi Central Library, University of Rajshahi   27/07/1996 Ankur Prokashoni 150.00   266.2541 BEE 1989 27/04/2014 C-2 Books